000 00420nam a2200181Ia 4500
005 20250423101227.0
008 250422s9999 xx 000 0 und d
020 _a0-312-01020-6
050 _aPS3569.A546D5
100 _aRosemarie Santini
245 4 _aThe Disenchanted Diva
250 _aFirst Edition
260 _aNew York
260 _bRosemarie Santini
260 _c1987
300 _a215 p
942 _cBK
999 _c35672
_d35672